<?xml version="1.0" encoding="UTF-8"?>
<record
    xmlns:xsi="http://www.w3.org/2001/XMLSchema-instance"
    xsi:schemaLocation="http://www.loc.gov/MARC21/slim http://www.loc.gov/standards/marcxml/schema/MARC21slim.xsd"
    xmlns="http://www.loc.gov/MARC21/slim">

  <leader>00497nam a22001577a 4500</leader>
  <controlfield tag="003">OSt</controlfield>
  <controlfield tag="005">20151004093139.0</controlfield>
  <controlfield tag="008">151004b        xxu||||| |||| 00| 0 eng d</controlfield>
  <datafield tag="040" ind1=" " ind2=" ">
    <subfield code="c">RUA</subfield>
  </datafield>
  <datafield tag="082" ind1=" " ind2=" ">
    <subfield code="a">AGR &#x1790;&#x17BC;&#x200B; 1995 B010 Or.1</subfield>
  </datafield>
  <datafield tag="100" ind1=" " ind2=" ">
    <subfield code="9">1967</subfield>
    <subfield code="a">&#x1790;&#x17BC;, &#x179F;&#x17C6;&#x17A2;&#x17B6;&#x178F;</subfield>
  </datafield>
  <datafield tag="245" ind1=" " ind2=" ">
    <subfield code="a">&#x1780;&#x17B6;&#x179A;&#x17A2;&#x1797;&#x17B7;&#x179C;&#x178C;&#x17D2;&#x178D;&#x1793;&#x17CD;&#x179C;&#x17B7;&#x179F;&#x17D0;&#x1799;&#x1791;&#x17C1;&#x179F;&#x1785;&#x179A;&#x178E;&#x17CD;&#x1793;&#x17C5;&#x178F;&#x17C6;&#x1794;&#x1793;&#x17CB;&#x1797;&#x17D2;&#x1793;&#x17C6;&#x178F;&#x17B6;&#x1798;&#x17C9;&#x17C5;</subfield>
  </datafield>
  <datafield tag="260" ind1=" " ind2=" ">
    <subfield code="a">Phnom  Penh</subfield>
    <subfield code="b">RUA</subfield>
    <subfield code="c">1995</subfield>
  </datafield>
  <datafield tag="300" ind1=" " ind2=" ">
    <subfield code="a">56p.</subfield>
    <subfield code="b">ill.</subfield>
    <subfield code="c">29cm.</subfield>
  </datafield>
  <datafield tag="942" ind1=" " ind2=" ">
    <subfield code="2">ddc</subfield>
    <subfield code="c">AGR</subfield>
  </datafield>
  <datafield tag="999" ind1=" " ind2=" ">
    <subfield code="c">1858</subfield>
    <subfield code="d">1858</subfield>
  </datafield>
  <datafield tag="952" ind1=" " ind2=" ">
    <subfield code="0">0</subfield>
    <subfield code="1">0</subfield>
    <subfield code="2">ddc</subfield>
    <subfield code="4">0</subfield>
    <subfield code="6">AGR_&#x1790;&#x17BC;_1995_000000000000000_B010_OR_1</subfield>
    <subfield code="7">0</subfield>
    <subfield code="9">7824</subfield>
    <subfield code="a">LBB</subfield>
    <subfield code="b">LBB</subfield>
    <subfield code="c">B012</subfield>
    <subfield code="d">2015-10-04</subfield>
    <subfield code="o">AGR &#x1790;&#x17BC;&#x200B; 1995 B010 Or.1</subfield>
    <subfield code="p">RUA019208</subfield>
    <subfield code="r">2015-10-04</subfield>
    <subfield code="w">2015-10-04</subfield>
    <subfield code="y">AGR</subfield>
  </datafield>
  <datafield tag="952" ind1=" " ind2=" ">
    <subfield code="0">0</subfield>
    <subfield code="1">0</subfield>
    <subfield code="2">ddc</subfield>
    <subfield code="4">0</subfield>
    <subfield code="6">AGR_&#x1790;&#x17BC;_1995_000000000000000_B010_OR_2</subfield>
    <subfield code="7">0</subfield>
    <subfield code="9">14504</subfield>
    <subfield code="a">LBB</subfield>
    <subfield code="b">LBB</subfield>
    <subfield code="c">B012</subfield>
    <subfield code="d">2015-11-03</subfield>
    <subfield code="o">AGR &#x1790;&#x17BC;&#x200B; 1995 B010 Or.2</subfield>
    <subfield code="p">RUA026033</subfield>
    <subfield code="r">2015-11-03</subfield>
    <subfield code="w">2015-11-03</subfield>
    <subfield code="y">AGR</subfield>
  </datafield>
  <datafield tag="952" ind1=" " ind2=" ">
    <subfield code="0">0</subfield>
    <subfield code="1">0</subfield>
    <subfield code="2">ddc</subfield>
    <subfield code="4">0</subfield>
    <subfield code="6">AGR_&#x1790;&#x17BC;_1995_000000000000000_B010_OR_3</subfield>
    <subfield code="7">0</subfield>
    <subfield code="9">14505</subfield>
    <subfield code="a">LBB</subfield>
    <subfield code="b">LBB</subfield>
    <subfield code="c">B012</subfield>
    <subfield code="d">2015-11-03</subfield>
    <subfield code="o">AGR &#x1790;&#x17BC;&#x200B; 1995 B010 Or.3</subfield>
    <subfield code="p">RUA027540</subfield>
    <subfield code="r">2015-11-03</subfield>
    <subfield code="w">2015-11-03</subfield>
    <subfield code="y">AGR</subfield>
  </datafield>
  <datafield tag="952" ind1=" " ind2=" ">
    <subfield code="0">0</subfield>
    <subfield code="1">0</subfield>
    <subfield code="2">ddc</subfield>
    <subfield code="4">0</subfield>
    <subfield code="6">AGR_&#x1790;&#x17BC;_1995_000000000000000_B010_OR_4</subfield>
    <subfield code="7">0</subfield>
    <subfield code="9">14506</subfield>
    <subfield code="a">LBB</subfield>
    <subfield code="b">LBB</subfield>
    <subfield code="c">B012</subfield>
    <subfield code="d">2015-11-03</subfield>
    <subfield code="o">AGR &#x1790;&#x17BC;&#x200B; 1995 B010 Or.4</subfield>
    <subfield code="p">RUA027867</subfield>
    <subfield code="r">2015-11-03</subfield>
    <subfield code="w">2015-11-03</subfield>
    <subfield code="y">AGR</subfield>
  </datafield>
</record>
